000
00310nam a2200109Ia 4500
008
200302s9999 xx 000 0 und d
100
_a
W.Boesiger ed.
245
_a
Le corbusier et son atelier de sevres 35 ceuvre complete Vol - 6 - 1952 -57
260
_b
Birkhauser Verlag Gmbh
260
_c
1995
300
_a
221
999
_c
7351
_d
7351